000 00636nam a2200193 i 4500
001 88084
003 ES-MaACL
005 20230906175811.0
007 t|
008 050103s1965 sp ||||1| spa d
100 1 _aLafosse, M.
_969520
245 1 0 _aManual práctico de medidas eléctricas y de ensayos de máquinas /
_cpor M. Lafosse ; traducción por Jesús Menéndez Sierra.
260 _aBilbao :
_bUrmo,
_c[1965]
300 _a245 p. :
_bil. ;
_c25 cm.
650 0 4 _aMedidas eléctricas.
_914946
650 0 4 _aMáquinas eléctricas.
_914765
700 1 _aMenéndez Sierra, Jesús.
_980326
852 _aES-MaACL
_jC-27769
_bR.56897
999 _c88084
_d88084